000 00302nam a22001337a 4500
008 170823b xxu||||| |||| 00| 0 eng d
020 _a9780201745825
041 _aeng
080 _a51
100 _a38
101 _aMAT
245 _aCALCULUS FOR THE LIFE SCIENCES
_cGREENWELL,R.N
942 _2udc
_cBK
999 _c24600
_d24600